Visualizzazione normale
Vista MARC
- Vivaldi Paolo
di Personal Name
Records bibliografici associati: 1
001 - CONTROL NUMBER
- control field: 50017
003 - CONTROL NUMBER IDENTIFIER
- control field: IT-RoPau
005 - DATE AND TIME OF LATEST TRANSACTION
- control field: 20151202103136.0
008 - FIXED-LENGTH DATA ELEMENTS
- fixed length control field: 151202|| aca||aabn | a|a d
040 ## - CATALOGING SOURCE
- Original cataloging agency: IT-RoPau
- Transcribing agency: IT-RoPau
100 ## - HEADING--PERSONAL NAME
- Personal name: Vivaldi Paolo
- Relator term: (musica)
- Miscellaneous information: Codice Musica SPICS: 59395
670 ## - SOURCE DATA FOUND
- Source citation: Work cat.: (IT-RoPau)107024: Calderone Gianluigi Codice regista SPICS: 59393 50011, DON ZENO. L'UOMO DI NOMADELFIA DON ZENO. L'UOMO DI NOMADELFIA (Rif. Codice opera principale : H8491)